Maticové funkcie a niektoré ich aplikácie v stochastických procesoch s podporou open source programu wxMaxima

Príspevok opisuje základnú teóriu maticových funkcií, ktorá je prezentovaná pomocou diagonalizovateľných matíc, resp. pomocou Jordanovho rozkladu matíc. Ukazuje možnosti realizovania týchto výpočtov v open source programe wxMaxima. Prezentácia možnosti využitia maticových funkc...

Descrizione completa

Salvato in:
Dettagli Bibliografici
Autore principale: Fecenko, Jozef
Natura: Capitolo di libro
Lingua:slovacco
Soggetti:
Tags: Aggiungi Tag
Nessun Tag, puoi essere il primo ad aggiungerne!!

MARC

LEADER 00000nla a2200000 4500
001 0237614
005 20240502073835.3
041 0 |a slo 
044 |a SK 
245 1 0 |a Maticové funkcie a niektoré ich aplikácie v stochastických procesoch s podporou open source programu wxMaxima  |c Jozef Fecenko 
520 |a Príspevok opisuje základnú teóriu maticových funkcií, ktorá je prezentovaná pomocou diagonalizovateľných matíc, resp. pomocou Jordanovho rozkladu matíc. Ukazuje možnosti realizovania týchto výpočtov v open source programe wxMaxima. Prezentácia možnosti využitia maticových funkcií pri riešení niektorých úloh zo stochastických procesov a Markovových reťazcov. 
610 2 0 |a matice 
610 2 0 |a funkcie matematické 
610 2 0 |a reťazce Markovove 
100 1 |a Fecenko, Jozef